[Event "St Petersburg-ch Seniors Blitz"]
[Site "St Petersburg"]
[Date "2022.10.05"]
[Round "11"]
[White "Zhikharev, Valeriy"]
[Black "Pak, Kil En"]
[Result "0-1"]
[WhiteElo "2036"]
[BlackElo "2080"]
[PlyCount "88"]
[EventDate "2022.10.05"]
[EventType "swiss"]
[EventRounds "11"]
[EventCountry "RUS"]
[SourceTitle "CBM 210 Extra"]
[Source "ChessBase"]
[SourceDate "2022.11.30"]
[SourceVersion "1"]
[SourceVersionDate "2022.11.30"]
[SourceQuality "1"]

1. d4 d5 2. Bg5 h6 3. Bh4 c5 4. e3 Nc6 5. Nf3 Qb6 6. Nc3 e6 7. Qd2 cxd4 8. exd4 Be7 9. Bg3 Nf6 10. Bd3 0-0 11. 0-0 Bd7 12. Na4 Qd8 13. c3 Nxd4 14. cxd4 Bxa4 15. Rac1 Bc6 16. Ne5 Rc8 17. Nxc6 Rxc6 18. Rxc6 bxc6 19. Rc1 Qb6 20. a3 a5 21. Bb1 Rc8 22. Bh4 Ne4 23. Bxe4 Bxh4 24. Bb1 e5 25. dxe5 Bg5 26. Qc2 Bxc1 27. Qh7+ Kf8 28. Qh8+ Ke7 29. Qxc8 Bxb2 30. e6 fxe6 31. Bg6 Bf6 32. Qe8+ Kd6 33. g3 c5 34. Qf8+ Ke5 35. Qe8 c4 36. Kg2 c3 37. Qa4 Kd6 38. Qf4+ Kd7 39. Qa4+ Kd6 40. Qf4+ e5 41. Qa4 e4 42. Bf5 Qc6 43. Qxa5 c2 44. Qb4+ Ke5 0-1

[Event "Chigorin Memorial 23rd"]
[Site "St Petersburg"]
[Date "2015.10.08"]
[Round "6"]
[White "Zhikharev, Valeriy"]
[Black "Golikov, Daniil"]
[Result "1/2-1/2"]
[WhiteElo "2212"]
[BlackElo "2039"]
[PlyCount "115"]
[EventDate "2015.10.03"]
[EventType "swiss"]
[EventRounds "9"]
[EventCountry "RUS"]
[SourceTitle "CBM 168 Extra"]
[Source "ChessBase"]
[SourceDate "2015.10.29"]
[SourceVersion "1"]
[SourceVersionDate "2015.10.29"]
[SourceQuality "1"]

1. d4 Nf6 2. c4 g6 3. Nc3 Bg7 4. e4 d6 5. Bd3 e5 6. d5 0-0 7. Nge2 Nbd7 8. 0-0 Nh5 9. Be3 f5 10. exf5 gxf5 11. f4 exf4 12. Nxf4 Nxf4 13. Bxf4 Ne5 14. Be2 Ng6 15. Be3 Bf6 16. c5 Qe7 17. Bf2 dxc5 18. Qb3 Kh8 19. Rae1 b6 20. Kh1 Qf7 21. Bh5 Ba6 22. Rg1 Bd4 23. Bxd4+ cxd4 24. Ne2 Bxe2 25. Rxe2 c5 26. Re6 Rae8 27. Rge1 Rxe6 28. dxe6 Qf6 29. Bxg6 hxg6 30. e7 Re8 31. Qd5 Kg7 32. Qd7 Qf7 33. h3 d3 34. a3 d2 35. Qxd2 Rxe7 36. Qc3+ Kh7 37. Rd1 Qe8 38. Qg3 Kg7 39. Rd6 Re6 40. Rd5 Qe7 41. Rxf5 Qd6 42. Qxd6 Rxd6 43. Rf2 c4 44. h4 b5 45. g3 Rd3 46. Kg2 Rb3 47. g4 a5 48. Rd2 a4 49. Re2 c3 50. bxc3 Rxa3 51. Re7+ Kf6 52. Rb7 Rb3 53. Rb6+ Kg7 54. Rb7+ Kh6 55. Kh2 a3 56. Kg2 Rxc3 57. Rxb5 Kg7 58. Ra5 1/2-1/2

[Event "Chigorin Memorial 23rd"]
[Site "St Petersburg"]
[Date "2015.10.07"]
[Round "5"]
[White "Khmelev, Mikhail"]
[Black "Zhikharev, Valeriy"]
[Result "1/2-1/2"]
[WhiteElo "1988"]
[BlackElo "2212"]
[PlyCount "80"]
[EventDate "2015.10.03"]
[EventType "swiss"]
[EventRounds "9"]
[EventCountry "RUS"]
[SourceTitle "CBM 168 Extra"]
[Source "ChessBase"]
[SourceDate "2015.10.29"]
[SourceVersion "1"]
[SourceVersionDate "2015.10.29"]
[SourceQuality "1"]

1. e4 e6 2. d4 d5 3. exd5 exd5 4. c4 Nf6 5. Nc3 Be7 6. Nf3 0-0 7. Bd3 dxc4 8. Bxc4 Bg4 9. 0-0 Nc6 10. d5 Ne5 11. Be2 Nxf3+ 12. Bxf3 Bxf3 13. Qxf3 Qd7 14. Bf4 Bd6 15. Rad1 a6 16. Rd4 Rfe8 17. Rfd1 Re7 18. h3 Rae8 19. Kf1 b5 20. Bg5 Be5 21. d6 cxd6 22. Bxf6 Bxf6 23. Rg4 Re6 24. Re4 Bxc3 25. Rxe6 fxe6 26. Qxc3 d5 27. Rc1 d4 28. Qc6 Qxc6 29. Rxc6 Kf7 30. Ke2 e5 31. Kd3 Re6 32. Rc2 Kf6 33. Rc7 h5 34. Ke4 Rd6 35. Rc1 d3 36. Rd1 Rd4+ 37. Ke3 Rb4 38. Rxd3 Rxb2 39. Rd6+ Kf5 40. Rxa6 h4 1/2-1/2

[Event "Chigorin Memorial 23rd"]
[Site "St Petersburg"]
[Date "2015.10.04"]
[Round "2"]
[White "Zhikharev, Valeriy"]
[Black "Khusenkhojaev, Muhammad"]
[Result "0-1"]
[WhiteElo "2212"]
[BlackElo "2398"]
[PlyCount "65"]
[EventDate "2015.10.03"]
[EventType "swiss"]
[EventRounds "9"]
[EventCountry "RUS"]
[SourceTitle "CBM 168 Extra"]
[Source "ChessBase"]
[SourceDate "2015.10.29"]
[SourceVersion "1"]
[SourceVersionDate "2015.10.29"]
[SourceQuality "1"]

1. d4 Nf6 2. Nf3 g6 3. Nc3 d5 4. Bf4 Bg7 5. e3 c6 6. h3 0-0 7. Bd3 Nbd7 8. 0-0 b6 9. a4 a5 10. Re1 Bb7 11. Ne5 Nh5 12. Nxd7 Qxd7 13. Bh2 e6 14. Rb1 Qe7 15. Be2 Nf6 16. Bf3 Rfd8 17. Qd2 Rac8 18. Ne2 Bf8 19. b3 Nd7 20. Nc1 e5 21. dxe5 Nxe5 22. Be2 c5 23. Nd3 Nd7 24. Bf3 Nf6 25. Nf4 Ne4 26. Bxe4 dxe4 27. Qe2 c4 28. bxc4 Ba6 29. Rxb6 Bxc4 30. Qg4 Bg7 31. Bg3 f5 32. Bh4 Qc5 33. Bxd8 0-1

[Event "Chigorin Memorial blitz 23rd"]
[Site "St Petersburg"]
[Date "2015.10.02"]
[Round "4"]
[White "Zhikharev, Valeriy"]
[Black "Eliseev, Urii"]
[Result "0-1"]
[WhiteElo "2212"]
[BlackElo "2536"]
[PlyCount "76"]
[EventDate "2015.10.02"]
[EventType "swiss (blitz)"]
[EventRounds "13"]
[EventCountry "RUS"]
[SourceTitle "CBM 168 Extra"]
[Source "ChessBase"]
[SourceDate "2015.10.29"]
[SourceVersion "1"]
[SourceVersionDate "2015.10.29"]
[SourceQuality "1"]

1. d4 c5 2. d5 d6 3. Nc3 g6 4. e4 Bg7 5. Be2 Nf6 6. Nf3 0-0 7. 0-0 Na6 8. h3 Nc7 9. Bf4 Rb8 10. a4 a6 11. a5 b5 12. axb6 Rxb6 13. Ra2 Rb4 14. Bd3 Nfxd5 15. Nxd5 Nxd5 16. Bd2 Nf6 17. Bxb4 cxb4 18. Re1 Nd7 19. Qe2 Nc5 20. Bc4 Bb7 21. Bd5 Bc8 22. Rd1 Qc7 23. Qc4 e6 24. Qxb4 exd5 25. Rxd5 Be6 26. Rxc5 dxc5 27. Qa5 Qd7 28. Ra1 Bxb2 29. Rb1 Bg7 30. Qxa6 h6 31. Qb6 c4 32. Qa6 c3 33. Qe2 Rd8 34. e5 Bf5 35. Nh4 Qd2 36. Re1 Qxe2 37. Rxe2 Rd2 38. Re3 Rxc2 0-1

[Event "Chigorin Memorial 22nd"]
[Site "St Petersburg"]
[Date "2014.10.24"]
[Round "7"]
[White "Zhikharev, Valeriy"]
[Black "Mikhailov, Ivan"]
[Result "1/2-1/2"]
[WhiteElo "2188"]
[BlackElo "1959"]
[PlyCount "85"]
[EventDate "2014.10.18"]
[EventType "swiss"]
[EventRounds "9"]
[EventCountry "RUS"]
[SourceTitle "EXT 2015"]
[Source "ChessBase"]
[SourceDate "2014.11.20"]
[SourceVersion "1"]
[SourceVersionDate "2014.11.20"]
[SourceQuality "1"]

1. d4 d5 2. Bg5 Nf6 3. Bxf6 gxf6 4. e3 Bf5 5. c4 c6 6. cxd5 cxd5 7. Nc3 e6 8. Qb3 Qd7 9. Bb5 Nc6 10. Na4 Bb4+ 11. Kf1 Bd6 12. Rc1 Rc8 13. Ne2 0-0 14. f3 Rc7 15. Kf2 Rfc8 16. Rc3 Qe7 17. Rhc1 Bb4 18. Rxc6 bxc6 19. Ba6 Rb8 20. Kf1 Qd8 21. Qd1 Bd6 22. h4 h6 23. a3 Bg6 24. b4 e5 25. Qd2 Kg7 26. Rc3 f5 27. g3 Qf6 28. f4 exf4 29. exf4 Qe6 30. Re3 Qd7 31. Nc5 Bxc5 32. dxc5 Re8 33. Nd4 Re4 34. Bd3 Rxe3 35. Qxe3 Rc8 36. Bc2 f6 37. Ba4 Kf7 38. Kf2 Bh5 39. Qd3 Bg4 40. Qa6 Qe8 41. Bc2 Qd7 42. Ba4 Qe8 43. Bc2 1/2-1/2

[Event "Chigorin Memorial 22nd"]
[Site "St Petersburg"]
[Date "2014.10.22"]
[Round "5"]
[White "Zhikharev, Valeriy"]
[Black "Makarevich, Julia"]
[Result "1-0"]
[WhiteElo "2188"]
[BlackElo "1934"]
[PlyCount "91"]
[EventDate "2014.10.18"]
[EventType "swiss"]
[EventRounds "9"]
[EventCountry "RUS"]
[SourceTitle "EXT 2015"]
[Source "ChessBase"]
[SourceDate "2014.11.20"]
[SourceVersion "1"]
[SourceVersionDate "2014.11.20"]
[SourceQuality "1"]

1. d4 Nf6 2. Nc3 g6 3. e4 d6 4. Be2 Bg7 5. h4 h5 6. Nh3 Nbd7 7. Ng5 e5 8. d5 Nh7 9. Nxh7 Rxh7 10. Be3 Bf6 11. g3 a5 12. Qd3 Be7 13. Na4 Kf8 14. a3 Nc5 15. Nxc5 dxc5 16. Qc3 Qd6 17. f4 f6 18. 0-0-0 b6 19. Rhf1 Kg8 20. fxe5 fxe5 21. Qd2 Bh3 22. Rf2 Rf8 23. Rxf8+ Bxf8 24. Bg5 Rf7 25. Qe3 Qd7 26. Rh1 b5 27. Rh2 b4 28. a4 Bf1 29. b3 Bxe2 30. Qxe2 Bd6 31. Be3 c4 32. Qxc4 Rf3 33. Bg5 Rxg3 34. Rh1 Qg4 35. Kb2 Rc3 36. Qb5 c6 37. dxc6 Qxe4 38. Rh2 Rxc6 39. Qxa5 Qd4+ 40. Ka2 Rc8 41. Qa6 Qc5 42. Rd2 Rc6 43. Qa8+ Rc8 44. Qe4 Kg7 45. Rg2 Rg8 46. Be3 1-0

[Event "Chigorin Memorial 22nd"]
[Site "St Petersburg"]
[Date "2014.10.21"]
[Round "4"]
[White "Triapishko, Alexandr"]
[Black "Zhikharev, Valeriy"]
[Result "1-0"]
[WhiteElo "2369"]
[BlackElo "2188"]
[PlyCount "115"]
[EventDate "2014.10.18"]
[EventType "swiss"]
[EventRounds "9"]
[EventCountry "RUS"]
[SourceTitle "EXT 2015"]
[Source "ChessBase"]
[SourceDate "2014.11.20"]
[SourceVersion "1"]
[SourceVersionDate "2014.11.20"]
[SourceQuality "1"]

1. e4 e6 2. d4 d5 3. Nd2 c5 4. Ngf3 cxd4 5. exd5 Qxd5 6. Bc4 Qd6 7. 0-0 Nc6 8. Nb3 a6 9. Nbxd4 Nxd4 10. Nxd4 Nf6 11. Re1 Qc7 12. Bb3 Bd6 13. h3 Bd7 14. c3 0-0-0 15. Qf3 Kb8 16. Bg5 e5 17. Bxf6 gxf6 18. Nf5 Bc5 19. Rad1 Be6 20. Bd5 Rxd5 21. Rxd5 Bxd5 22. Qxd5 Rd8 23. Qf3 Rd2 24. Re2 Rd1+ 25. Kh2 Qd8 26. Ng3 Be7 27. Ne4 Qb6 28. b3 Qe6 29. g4 Qd5 30. Re3 Ra1 31. Rd3 Qe6 32. Rd2 Re1 33. Kg2 Qc6 34. Re2 Rd1 35. c4 Rc1 36. Rd2 Re1 37. Re2 Rc1 38. Qd3 h5 39. Qf3 hxg4 40. hxg4 Qc8 41. Rd2 Qc6 42. Rd5 Rc2 43. a4 Rb2 44. Qc3 Ra2 45. Qd3 Qe6 46. Qf3 Rb2 47. Rd3 Qb6 48. g5 fxg5 49. Qxf7 Qc6 50. Qd5 Qc7 51. Qe6 Ba3 52. Rd7 Qc8 53. Qxe5+ Ka8 54. Qd5 Qc6 55. Rd8+ Ka7 56. Qd4+ b6 57. Rd7+ Kb8 58. Qe5+ 1-0

[Event "St Petersburg-ch Seniors"]
[Site "St Petersburg"]
[Date "2012.01.29"]
[Round "2"]
[White "Grigoriev, Vladimir"]
[Black "Zhikharev, Valeriy"]
[Result "0-1"]
[WhiteElo "2091"]
[BlackElo "2165"]
[PlyCount "60"]
[EventDate "2012.01.27"]
[EventType "swiss"]
[EventRounds "9"]
[EventCountry "RUS"]
[SourceTitle "EXT 2013"]
[Source "ChessBase"]
[SourceDate "2012.11.22"]
[SourceVersion "1"]
[SourceVersionDate "2012.11.22"]
[SourceQuality "1"]

1. e4 c5 2. Nf3 d6 3. d4 cxd4 4. Nxd4 Nf6 5. Nc3 e6 6. g4 h6 7. h4 Nc6 8. Rg1 d5 9. exd5 Nxd5 10. Nxd5 exd5 11. Qe2+ Be7 12. Be3 Qa5+ 13. c3 Bd7 14. Nb3 Qc7 15. 0-0-0 0-0-0 16. h5 Be6 17. Nd4 Rhe8 18. f3 Nxd4 19. Rxd4 Bc5 20. Qf2 Bxd4 21. Bxd4 f6 22. Bxa7 d4 23. Bxd4 Bxa2 24. Bd3 Rd6 25. b4 Bc4 26. Be4 Ra6 27. Kb1 Ra2 28. Qg3 Qxg3 29. Rxg3 Kc7 30. Kc1 Bd3 0-1

[Event "Pskov-ch"]
[Site "Pskov"]
[Date "2010.01.08"]
[Round "7.4"]
[White "Zhikharev, Valeriy"]
[Black "Kudryashov, Sergei"]
[Result "0-1"]
[WhiteElo "2197"]
[BlackElo "2229"]
[PlyCount "168"]
[EventDate "2010.01.03"]
[EventType "tourn"]
[EventRounds "8"]
[EventCountry "RUS"]
[SourceTitle "EXT 2022"]
[Source "ChessBase"]
[SourceDate "2021.10.06"]
[SourceVersion "1"]
[SourceVersionDate "2021.10.06"]
[SourceQuality "1"]

1. d4 Nf6 2. c4 g6 3. Nc3 Bg7 4. e4 d6 5. Bd3 0-0 6. Nge2 Nc6 7. 0-0 e5 8. d5 Nd4 9. Nxd4 exd4 10. Ne2 Ng4 11. h3 Ne5 12. Nxd4 Qh4 13. f4 Nxd3 14. Qxd3 Bxh3 15. Nb5 a6 16. Nc3 Bg4 17. Be3 f5 18. Bd4 fxe4 19. Nxe4 Be2 20. Qe3 Bxd4 21. Qxd4 Bxf1 22. Rxf1 Rf5 23. g3 Qh3 24. Qc3 Raf8 25. Re1 Rh5 26. Nf2 Qh2+ 27. Kf1 Rhf5 28. Re7 R5f7 29. Rxf7 Kxf7 30. Qf3 h5 31. b4 Kg7 32. c5 h4 33. Ne4 hxg3 34. Nxg3 Qh4 35. Ne2 Qf6 36. a3 Re8 37. Kf2 Qf5 38. Qc3+ Kg8 39. Qg3 Qe4 40. Qg4 Kg7 41. Ng3 Qc2+ 42. Ne2 Qf5 43. Qf3 g5 44. fxg5 Rf8 45. Qxf5 Rxf5+ 46. Ke3 Re5+ 47. Kf3 Rxd5 48. Nf4 Rd1 49. Kg4 dxc5 50. Ne6+ Kg6 51. Nxc5 Rd4+ 52. Kf3 b6 53. Nxa6 Rc4 54. Ke3 Kxg5 55. Kd3 Rc1 56. Kd2 Rc6 57. b5 Rd6+ 58. Kc3 Rd7 59. Nb8 Rh7 60. Kd4 Rh3 61. Na6 Rxa3 62. Nxc7 Ra7 63. Nd5 Ra4+ 64. Kc3 Ra8 65. Kd4 Rd8 66. Ke5 Kg6 67. Ke6 Kg7 68. Nxb6 Rb8 69. Nc4 Rxb5 70. Nd6 Rb1 71. Nf5+ Kf8 72. Nd6 Rd1 73. Nf5 Ra1 74. Nd6 Ra6 75. Kd7 Ra7+ 76. Ke6 Re7+ 77. Kf6 Re1 78. Nf5 Ke8 79. Nd6+ Kd7 80. Nf5 Re6+ 81. Kg5 Ra6 82. Ng7 Ke7 83. Nf5+ Ke6 84. Ng7+ Ke5 0-1

[Event "SZFO-ch"]
[Site "St Petersburg"]
[Date "2009.03.26"]
[Round "5"]
[White "Evstratov, Oleg"]
[Black "Zhikharev, Valeriy"]
[Result "1-0"]
[WhiteElo "2287"]
[BlackElo "2188"]
[PlyCount "55"]
[EventDate "2009.03.23"]
[EventType "swiss"]
[EventRounds "9"]
[EventCountry "RUS"]
[SourceTitle "EXT 2010"]
[Source "ChessBase"]
[SourceDate "2010.11.25"]
[SourceVersion "1"]
[SourceVersionDate "2010.11.25"]
[SourceQuality "1"]

1. e4 e6 2. d4 d5 3. Nc3 Bb4 4. e5 c5 5. a3 Ba5 6. Qg4 Ne7 7. Qxg7 Rg8 8. Qxh7 cxd4 9. b4 dxc3 10. bxa5 Qc7 11. Ne2 Qxe5 12. Qd3 Nbc6 13. g3 d4 14. Bg2 Qc5 15. a6 e5 16. axb7 Bxb7 17. Rb1 0-0-0 18. f4 Rd7 19. fxe5 Qa5 20. Bh3 Ba6 21. Qe4 d3 22. cxd3 c2+ 23. Rb4 Nxb4 24. Qa8+ Kc7 25. Qxa7+ Kc8 26. Qxd7+ Kb8 27. Qd6+ Ka8 28. axb4 1-0

[Event "SZFO-ch"]
[Site "St Petersburg"]
[Date "2009.03.24"]
[Round "3"]
[White "Toivonen, Alexander"]
[Black "Zhikharev, Valeriy"]
[Result "1/2-1/2"]
[WhiteElo "2289"]
[BlackElo "2188"]
[PlyCount "32"]
[EventDate "2009.03.23"]
[EventType "swiss"]
[EventRounds "9"]
[EventCountry "RUS"]
[SourceTitle "EXT 2010"]
[Source "ChessBase"]
[SourceDate "2010.11.25"]
[SourceVersion "1"]
[SourceVersionDate "2010.11.25"]
[SourceQuality "1"]

1. d4 e6 2. c4 f5 3. Nc3 Nf6 4. Nf3 b6 5. e3 Bb7 6. Bd3 Bb4 7. 0-0 0-0 8. Nd2 Bxc3 9. bxc3 d6 10. f3 Nbd7 11. Qe2 Qe7 12. Bb2 Rae8 13. Rae1 Qf7 14. e4 fxe4 15. Nxe4 Nxe4 16. fxe4 Qe7 1/2-1/2